Zbierka úloh z vyššej matematiky

Gespeichert in:
Bibliographische Detailangaben
1. Verfasser: Eliáš, Jozef
Weitere Verfasser: Horváth, Ján, Kajan, Juraj
Format: Buch
Sprache:Slowakisch
Veröffentlicht: Bratislava Slovenské vydavateľstvo technickej literatúry 1966
Schriftenreihe:Edícia teoretickej literatúry
Schlagworte:
Tags: Tag hinzufügen
Keine Tags, Fügen Sie das erste Tag hinzu!

MARC

LEADER 00000nam a2200000 4500
001 c115765
005 20250522111651.5
041 0 |a slo 
044 |a SK 
245 1 0 |a Zbierka úloh z vyššej matematiky  |c Jozef Eliáš, Ján Horváth a Juraj Kajan 
264 1 |a Bratislava  |b Slovenské vydavateľstvo technickej literatúry  |c 1966 
300 |a 251 s. 
490 1 |a Edícia teoretickej literatúry 
830 0 |a Edícia teoretickej literatúry 
610 2 0 |a matematika 
610 2 0 |a školy vysoké 
100 1 |a Eliáš, Jozef 
700 1 |a Horváth, Ján 
700 1 |a Kajan, Juraj